Fantástica fábrica de brinquedos com sucata (Record no. 184313)

MARC details
000 -LÍDER
campo de controle de tamanho fixo 00380 a2200157 4500
001 - NÚMERO DE CONTROLE
campo de controle 184313
020 ## - ISBN - INTERNATIONAL STANDARD BOOK NUMBER
ISBN - International Standard Book Number 85-88266-03-2
040 ## - FONTE DA CATALOGAÇÃO
Instituição que transcreveu o registro Magnum
100 ## - ENTRADA PRINCIPAL--NOME PESSOAL
Nome pessoal Brandão, Heliana
240 10 - TÍTULO UNIFORME
Título uniforme Fantástica fábrica de brinquedos com sucata
Idioma da obra por
245 10 - TÍTULO
Título Fantástica fábrica de brinquedos com sucata
300 ## - DESCRIÇÃO FÍSICA
Extensão 175
362 0# - DATAS DE PUBLICAÇÃO E/OU DESIGNAÇÃO SEQUENCIAL
Datas de publicação e/ou designação sequencial 2004
697 ## - ENTRADA DE ASSUNTO LOCAL--ENTIDADE COLETIVA (RLIN)
Nome corporativo ou nome da jurisdição MISCELÂNEA
942 ## - ELEMENTOS DE ENTRADA ADICIONADOS (KOHA)
Tipo de material Koha Livros
Holdings
Situação do descarte Situação das perdas Situação física Não pode ser emprestado Biblioteca de origem Biblioteca atual Data de aquisição Total de empréstimos Número de chamada completo Código de barras Data de último acesso Data do preço efetivo Tipo de material Koha
        Magnum Magnum 08/06/2024   0.86 MAG00043160 08/06/2024 08/06/2024 Livros